The Quebec City crisis / Roy MacGregor.
Available copies
- 1 of 1 copy available at LARL/NWRL Consortium.
Current holds
0 current holds with 1 total copy.
Show Only Available Copies
| Location | Call Number / Copy Notes | Barcode | Shelving Location | Status | Due Date |
|---|---|---|---|---|---|
| Thief River Falls Public Library | j pb (Text) | 35500002592549 | Main | Available | - |
Record details
- ISBN: 0771056176
- Physical Description: 115 p. ; 18 cm.
- Publisher: Toronto : McClelland & Stewart, c1998.
Content descriptions
| General Note: | "An M&S paperback original" |
Search for related items by series
| LDR | 00779nam a2200205 a 4500 | ||
|---|---|---|---|
| 001 | 24388 | ||
| 003 | LARL_NWRL_CONSORTIUM | ||
| 008 | 941027s1998 onc j 000 1 eng d | ||
| 020 | . | ‡a0771056176 | |
| 035 | 0 | 0. | ‡iaurora/ACD-7795/NWRLTECH |
| 092 | . | ‡aj MAC | |
| 100 | 1 | . | ‡aMacGregor, Roy, ‡d1948- ‡0(LARL_NWRL_CONSORTIUM)64615 |
| 245 | 1 | 4. | ‡aThe Quebec City crisis / ‡cRoy MacGregor. |
| 260 | . | ‡aToronto : ‡bMcClelland & Stewart, ‡cc1998. | |
| 300 | . | ‡a115 p. ; ‡c18 cm. | |
| 490 | 0 | . | ‡aScreech Owls ; ‡v7 |
| 500 | . | ‡a"An M&S paperback original" | |
| 901 | . | ‡a24388 ‡bISxN ‡c24388 ‡tbiblio | |

Add to basket
Permalink
Enable Highlighting